| 000 | 00604nam a2200205 i 4500 | ||
|---|---|---|---|
| 001 | 72430 | ||
| 003 | ES-MaACL | ||
| 005 | 20230906171433.0 | ||
| 007 | t| | ||
| 008 | 040901s1952 sp ||||1| spa d | ||
| 100 | 1 |
_aGirau, Lewis Th. _957237 |
|
| 245 | 1 | 0 |
_aCorrespondencia comercial inglesa _b: libro del maestro / _cpor Lewis Th. Girau. |
| 250 | _a19ª ed. | ||
| 260 |
_aBarcelona : _b[s.n., _c1952] ( _fGráfs. Casulleras) |
||
| 300 |
_a261 p. ; _c23 cm. |
||
| 490 | 1 | _aColección magister | |
| 830 | 0 |
_aColección magister _9183360 |
|
| 852 |
_aES-MaACL _jD-7754 _bR.32480 |
||
| 999 |
_c72430 _d72430 |
||